Film Titel đŸŽ„ nach Bild #1 - Statistiken

Allgemein
  • Dieses Quiz wurde 167 mal gespielt
    126 seit der letzten Aktualisierung
  • Das Durchschnittsergebnis liegt bei 8 aus 16
Antwortstatistiken
Bildquiz Antwort % Korrekt
Titanic
93%
Matrix
86%
Charlie und die Schokoladenfabrik
79%
Harry Potter
75%
Kevin Allein Zuhaus
74%
Star Wars
66%
Jurassic Park
61%
Oppenheimer
60%
Mamma Mia
42%
Mr. Mrs.Smith
32%
In Time
28%
Drei HaselnĂŒsse fĂŒr Aschenbrödel
21%
Top Gun Maverick
20%
The last Airbender
8%
Sound of Music
6%
Crazy Rich Asians
5%
Keine ĂŒbereinstimmenden Quizze gefunden
Verteilung der Resultate
Anzahl Personen mit jedem Resultat
Perzentil nach korrekt beantworteten Fragen
Ihre Resultats-Entwicklung
Sie haben dieses Quiz seit der letzten Aktualisierung nicht gespielt